Attitudes of general public and communication of the municipality
Salvato in:
| Autore principale: | |
|---|---|
| Altri autori: | |
| Natura: | Capitolo di libro |
| Lingua: | inglese |
| Soggetti: | |
| Tags: |
Nessun Tag, puoi essere il primo ad aggiungerne!!
|
MARC
| LEADER | 00000naa$a2200000$$$4500 | ||
|---|---|---|---|
| 001 | 0028860 | ||
| 005 | 20231004104158.1 | ||
| 041 | 0 | |a eng | |
| 044 | |a CZ | ||
| 245 | 1 | 0 | |a Attitudes of general public and communication of the municipality |c Šárka Brychtová, Josef Duplinský |
| 610 | 2 | 0 | |a správa verejná |
| 610 | 2 | 0 | |a komunikácia |
| 610 | 2 | 0 | |a mienka verejná |
| 610 | 2 | 0 | |a zamestnanci štátni |
| 610 | 2 | 0 | |a samospráva miestna |
| 610 | 2 | 0 | |a občania |
| 610 | 2 | 0 | |a komunikácia sociálna |
| 610 | 2 | 0 | |a obce |
| 100 | 1 | |a Brychtová, Šárka | |
| 700 | 1 | |a Duplinský, Josef | |